| Tag |
First Indicator |
Second Indicator |
Subfields |
| LEADER |
00000cam a2200000Ii 4500 |
| 001 |
in00003889913 |
| 006 |
m o d f |
| 007 |
cr b|||||||||| |
| 008 |
110225e199807 alua obt f000 0 eng d |
| 005 |
20230719190905.2 |
| 035 |
|
|
|a (OCoLC)ocn703645951
|
| 040 |
|
|
|a SSM
|b eng
|e rda
|e pn
|c SSM
|d GPO
|d MvI
|
| 049 |
|
|
|a WWW
|
| 074 |
|
|
|a 0830-D (online)
|
| 086 |
0 |
|
|a NAS 1.15:208533
|
| 100 |
1 |
|
|a George, L. E.,
|e author.
|
| 245 |
1 |
0 |
|a Interplanetary mission design handbook :
|b Earth-to-Mars mission opportunities and Mars-t:o-Earth return opportunities 2009-2024 /
|c L.E. George, L.D. Kos.
|
| 246 |
3 |
0 |
|a Earth-to-Mars mission opportunities and Mars-t:o-Earth return opportunities 2009-2024
|
| 264 |
|
1 |
|a Marshall Space Flight Center, Alabama :
|b National Aeronautics and Space Administration, Marshall Space Flight Center,
|c July 1998.
|
| 300 |
|
|
|a 1 online resource (xiii, 97 pages) :
|b illustrations.
|
| 336 |
|
|
|a text
|b txt
|2 rdacontent
|
| 337 |
|
|
|a computer
|b c
|2 rdamedia
|
| 338 |
|
|
|a online resource
|b cr
|2 rdacarrier
|
| 490 |
1 |
|
|a NASA/TM ;
|v 1998-208533
|
| 500 |
|
|
|a "July 1998."
|
| 500 |
|
|
|a "Performing organization: George C. Marshall Space Flight Center"--Report documentation page.
|
| 500 |
|
|
|a GPO Cataloging Record Distribution Program (CRDP).
|
| 504 |
|
|
|a Includes bibliographical references (pages 93-97).
|
| 513 |
|
|
|a Technical memorandum.
|
| 536 |
|
|
|a Sponsored by the National Aeronautics and Space Administration
|d M-881
|
| 588 |
|
|
|a Description based on online resource; title from PDF title page (NASA, viewed Aug. 7, 2017).
|
| 650 |
|
7 |
|a Earth-Mars trajectories.
|2 nasat
|
| 650 |
|
7 |
|a Trajectory planning.
|2 nasat
|
| 650 |
|
7 |
|a Interplanetary flight.
|2 nasat
|
| 650 |
|
7 |
|a Manned space flight.
|2 nasat
|
| 650 |
|
7 |
|a Mission planning.
|2 nasat
|
| 650 |
|
7 |
|a Handbooks.
|2 nasat
|
| 650 |
|
7 |
|a Manned Mars missions.
|2 nasat
|
| 700 |
1 |
|
|a Kos, Lawrence D.,
|0 https://id.loc.gov/authorities/names/no2007098764
|e author.
|
| 710 |
2 |
|
|a George C. Marshall Space Flight Center,
|0 https://id.loc.gov/authorities/names/n79105937
|e issuing body.
|
| 776 |
0 |
8 |
|i Microfiche version:
|a George, L. E.
|t Interplanetary mission design handbook
|w (OCoLC)41964620
|
| 830 |
|
0 |
|a NASA technical memorandum ;
|0 https://id.loc.gov/authorities/names/n83707893
|v 1998-208533.
|
| 856 |
4 |
0 |
|u https://purl.fdlp.gov/GPO/gpo83482
|t 0
|
| 999 |
f |
f |
|s 40228c21-2cd8-3bfb-a7be-5f8ebe08f6e7
|i 960ff47f-3fdb-32b9-903c-8bf18149948d
|t 0
|
| 952 |
f |
f |
|a Texas A&M University
|b College Station
|c Electronic Resources
|d Available Online
|t 0
|e NAS 1.15:208533
|h Superintendent of Documents classification
|
| 998 |
f |
f |
|a NAS 1.15:208533
|t 0
|l Available Online
|